Sports Quiz

Random Sports Quiz
Score 0/18 Timer 10:00
0 Plays Today
% Correct
UMKC
100%
Grand Canyon
100%
New Mexico St
96.3%
Chicago St
95.2%
Utah Valley
95.2%
Idaho
92.6%
Cougars
85.7%
Antelopes
85.7%
Wolverines
85.7%
% Correct
Seattle
81.5%
Vandals
81.5%
Aggies
81.5%
Kangaroos
81.5%
Cal St Bakersfield
77.8%
UT Pan American
70.4%
Roadrunners
70.4%
Redhawks
70.4%
Broncs
70.4%

You're not logged in!

Compare scores with friends on all Sporcle quizzes.
OR
Log In

Sporcle TV

Today on Sporcle TV


Watch our educational content, quiz creation guides, and fun videos on Sporcle TV.

You Might Also Like...

Show Comments

Extras

Created Jan 16, 2013ReportNominate
Tags:wac

Top Quizzes Today


Score Distribution

Paid Content

Your Account Isn't Verified!

In order to create a playlist on Sporcle, you need to verify the email address you used during registration. Go to your Sporcle Settings to finish the process.

Report this User

Report this user for behavior that violates our Community Guidelines.

Details: